[Event "Gjøvik GM Swiss"]
[Site "Gjøvik, Norway"]
[Date "2009.12.31"]
[Round "3"]
[White "Torgersen, Terje"]
[Black "Skrondal, Inge Sandstad"]
[Result "1/2-1/2"]
[WhiteElo "2051"]
[BlackElo "2216"]
[PlyCount "52"]
[EventDate "2008.12.29"]
[SourceDate "2008.12.29"]

1. d4 Nf6 2. c4 g6 3. Nc3 d5 4. Nf3 Bg7 5. g3 dxc4 6. Qa4+ Nc6 7. Qxc4 O-O 8.
Bg2 Nd7 9. e3 e5 10. d5 Nb6 11. Qb3 Na5 12. Qd1 f5 13. e4 fxe4 14. Ng5 e3 15.
Bxe3 Nac4 16. Bc1 Nxb2 17. Bxb2 Qxg5 18. Ne4 Qg4 19. Qb3 Rd8 20. h3 Qf5 21. g4
Qd7 22. Rd1 Kh8 23. Nc5 Qf7 24. O-O Qf4 25. Nd3 Qg5 26. Nxe5 Rf8 1/2-1/2

[Event "Gjøvik GM Swiss"]
[Site "Gjøvik, Norway"]
[Date "2009.12.31"]
[Round "3"]
[White "Umudova, Nargiz"]
[Black "Gandrud, Vegar Koi"]
[Result "1-0"]
[WhiteElo "2219"]
[BlackElo "2023"]
[PlyCount "81"]
[EventDate "2008.12.29"]
[SourceDate "2008.12.29"]

1. e4 c5 2. Nf3 d6 3. d4 cxd4 4. Nxd4 Nf6 5. Nc3 a6 6. Be2 e6 7. O-O Be7 8. f4
O-O 9. Kh1 Qc7 10. Be3 b5 11. e5 dxe5 12. fxe5 Nfd7 13. Bd3 Bb7 14. Nxe6 fxe6
15. Qh5 Rf5 16. Bxf5 exf5 17. Qe8+ Nf8 18. Rxf5 Bb4 19. Raf1 Nbd7 20. Qf7+ Kh8
21. Rg5 Ng6 22. Rd1 Be7 23. Rxg6 hxg6 24. Qxe7 Qc6 25. Rd2 Nf8 26. Nd5 Re8 27.
Qh4+ Nh7 28. Qg3 Rf8 29. h3 Re8 30. Nf4 g5 31. Nd3 Qc8 32. Nc5 Ba8 33. b4 Kg8
34. e6 Nf6 35. Qe5 g4 36. h4 Qc6 37. Bd4 Rd8 38. c3 Rd5 39. Qf4 Rh5 40. Bxf6
gxf6 41. Qxg4+ 1-0

[Event "Gjøvik GM Swiss"]
[Site "Gjøvik, Norway"]
[Date "2009.12.31"]
[Round "3"]
[White "Stokke, Kjetil"]
[Black "Strand, Kjetil"]
[Result "1-0"]
[WhiteElo "2334"]
[BlackElo "2057"]
[PlyCount "57"]
[EventDate "2008.12.29"]
[SourceDate "2008.12.29"]

1. e4 e5 2. Nf3 Nc6 3. d4 exd4 4. Nxd4 Bc5 5. Be3 Qf6 6. Nb5 Bxe3 7. fxe3 Qh4+
8. g3 Qd8 9. Qg4 g6 10. Qf4 d6 11. N1c3 a6 12. Nd4 Ne5 13. Be2 Bh3 14. O-O-O
Nf6 15. Qh6 Bg4 16. Rhf1 Bxe2 17. Ndxe2 Nfg4 18. Qg7 Rf8 19. Nd5 c6 20. Nf6+
Nxf6 21. Rxf6 Qb6 22. Rdxd6 Qxe3+ 23. Kb1 Qc5 24. Nd4 Rc8 25. a3 Rc7 26. Rfe6+
Re7 27. Rxe7+ Kxe7 28. Qf6+ Ke8 29. Rd8# 1-0